00369nam a2200145Ia 4500003000400000008004100004040001600045082002100061100001800082245004600100260004300146300001000189650001000199650001400209GCL140319s9999 xx 000 0 eng d aGCL / cGCL04aREFb911.03bF D1 aFARNDON, JOHN10aDICTIONARY OF THE EARTH / cFARNDON, JOHN a[S.N] : bDORLING KINDERSLEY ، c1994 a192 P04aEARTH04aGEOGRAPHY